Christine Lagarde : (Record no. 15856)

000 -LEADER
fixed length control field 00516cam a2200181 a 4500
020 ## - INTERNATIONAL STANDARD BOOK NUMBER
ISBN 9782749912691
040 ## - CATALOGING SOURCE
Transcribing agency DLC
082 ## - DEWEY DECIMAL CLASSIFICATION NUMBER
Classification number 398 MIC 2010 A078 Or.
100 1# - MAIN ENTRY--AUTHOR NAME
Personal name Lachèvre, Cyrille,
245 10 - TITLE STATEMENT
Title Christine Lagarde :
Remainder of title enquête sur la femme la plus puissante de France /
260 ## - PUBLICATION, DISTRIBUTION, ETC. (IMPRINT)
Place of publication Neuilly-sur-Seine :
Name of publisher Michel Lafon,
Year of publication c2010.
300 ## - PHYSICAL DESCRIPTION
Number of Pages 329 p. ;
Dimensions 23 cm.
650 #0 - SUBJECT ADDED ENTRY--TOPICAL TERM
Topical Term Women politicians
650 #0 - SUBJECT ADDED ENTRY--TOPICAL TERM
Topical Term Women cabinet officers
650 #0 - SUBJECT ADDED ENTRY--TOPICAL TERM
Topical Term Finance ministers
700 1# - ADDED ENTRY--PERSONAL NAME
Personal name Visot, Marie.
942 ## - ADDED ENTRY ELEMENTS (KOHA)
Koha item type សៀវភៅភាសាអង់គ្លេស
952 ## - LOCATION AND ITEM INFORMATION (KOHA)
Withdrawn status [LOCAL, KOHA] 0
Holdings
Permanent Location Date acquired Koha item type Lost status Shelving location Barcode Current Location Full call number
Library Block A2017-12-13សៀវភៅភាសាអង់គ្លេស A078A12043Library Block A398 MIC 2010 A078 Or.
មជ្ឈមណ្ឌលឯការនៃសាកលវិទ្យាល័យភូមិន្ទកសិកម្មចំការដូង

Powered by Koha